Online
Catalog

Reforma y modernización / (Record no. 6176)

MARC details
000 -CABECERA
campo de control de longitud fija 00829nam a2200217 a 4500
001 - NÚMERO DE CONTROL
campo de control 000006381
005 - FECHA Y HORA DE LA ÚLTIMA TRANSACCIÓN
campo de control 20240305082246.0
008 - DATOS DE LONGITUD FIJA--INFORMACIÓN GENERAL
campo de control de longitud fija 090828s1999 dr 000 0 spa d
020 ## - NÚMERO INTERNACIONAL ESTÁNDAR DEL LIBRO
Número Internacional Estándar del Libro 999343700X
040 ## - FUENTE DE LA CATALOGACIÓN
Centro catalogador/agencia de origen DO-SdBNP
082 ## - NÚMERO DE LA CLASIFICACIÓN DECIMAL DEWEY
Número de clasificación xxxx
Número de documento/Ítem D671r
049 ## - FONDOS LOCALES (OCLC)
Fondos de biblioteca BNPD
100 1# - ENTRADA PRINCIPAL--NOMBRE DE PERSONA
Nombre de persona Héctor,
Fechas asociadas al nombre 1956-
9 (RLIN) 17749
245 10 - MENCIÓN DE TÍTULO
Título Reforma y modernización /
Mención de responsabilidad, etc. Héctor Domínguez ; prólogo Fernando Pérez Memen ; revisión y corrección Domingo Antonio de la Cruz Sierra.
260 ## - PUBLICACIÓN, DISTRIBUCIÓN, ETC.
Lugar de publicación, distribución, etc. Santo Domingo, :
Nombre del editor, distribuidor, etc. Fundación Pro-municipalidad,
Fecha de publicación, distribución, etc. 1999.
300 ## - DESCRIPCIÓN FÍSICA
Extensión 157 p. ;
Dimensiones 21 cm.
504 ## - NOTA DE BIBLIOGRAFÍA, ETC.
Nota de bibliografía, etc. Incluye referencias bibliográficas y notas al pie de las páginas
504 ## - NOTA DE BIBLIOGRAFÍA, ETC.
Nota de bibliografía, etc. Incluye bibliografías (p. 149-156)
700 1# - PUNTO DE ACCESO ADICIONAL--NOMBRE DE PERSONA
Nombre de persona Pérez Memén, Fernando,
Fechas asociadas al nombre 1943-
Término indicativo de función/relación pról.
9 (RLIN) 38744
700 1# - PUNTO DE ACCESO ADICIONAL--NOMBRE DE PERSONA
Nombre de persona Cruz Sierra, Domingo Antonio de la,
Término indicativo de función/relación rev. y corr.
9 (RLIN) 17750
Holdings
Estado de retiro Estado de pérdida Restricciones de uso No para préstamo Código de colección Localización permanente Ubicación/localización actual Ubicación en estantería Fecha de adquisición Número de inventario Total de préstamos Signatura topográfica completa Código de barras Fecha visto por última vez Precio válido a partir de Tipo de ítem Koha Número de copia
      Excluido de préstamo Monografías: Libros y Folletos Patrimonio Dominicano Patrimonio Dominicano En catalogación 28.08.2009 LF1   xxxx D671r 6381-10 25.06.2020 25.06.2020 No se presta  
      Excluido de préstamo Monografías: Libros y Folletos Patrimonio Dominicano Patrimonio Dominicano En catalogación 28.08.2009 LF1   xxxx D671r 6381-20 25.06.2020 25.06.2020 No se presta e. 2

Powered by Koha